[Event "94th ch-GBR"]
[Site "Great Yarmouth ENG"]
[Date "2007.07.30"]
[Round "1"]
[White "Hebden,M"]
[Black "Sowray,P"]
[Result "1-0"]
[WhiteElo "2540"]
[BlackElo "2352"]
[EventDate "2007.07.30"]

1. d4 Nf6 2. Nf3 g6 3. Nc3 d6 4. e4 Bg7 5. h3 a6 6. Bc4 O-O 7. e5 Ne8 8.
Qe2 Nc6 9. Bg5 Bf5 10. O-O Kh8 11. Rad1 f6 12. exf6 exf6 13. Bc1 Na5 14.
Be6 Bxe6 15. Qxe6 f5 16. Ng5 Qf6 17. Rfe1 Qxe6 18. Nxe6 Rf7 19. Nd5 Nc6 20.
Re2 Rc8 21. Bg5 Nf6 22. Nxf6 Bxf6 23. d5 Ne5 24. Bxf6+ Rxf6 25. f4 Nc4 26.
b3 Nb6 27. c4 Kg8 28. Rde1 h6 29. Nd4 Nd7 30. Re8+ Rxe8 31. Rxe8+ Rf8 32.
Re7 Rf7 33. Re6 Kh7 34. Re8 Nc5 35. Ne6 Nd3 36. Rc8 b5 37. cxb5 axb5 38. a4
bxa4 39. bxa4 Nb4 40. Rxc7 Kg8 41. Rc8+ Kh7 42. Rd8 Ra7 43. Rxd6 Rxa4 44.
Rd7+ Kg8 45. d6 Ra1+ 46. Kh2 Rd1 47. Rg7+ Kh8 48. d7 Nc6 49. Rf7 Rd6 50.
Rf8+ Kh7 51. Rc8 1-0

[Event "94th ch-GBR"]
[Site "Great Yarmouth ENG"]
[Date "2007.07.30"]
[Round "1"]
[White "Lalic,S"]
[Black "Pert,N"]
[Result "0-1"]
[WhiteElo "2350"]
[BlackElo "2536"]
[EventDate "2007.07.30"]

1. e4 e6 2. d4 d5 3. Nc3 Bb4 4. Nge2 dxe4 5. a3 Be7 6. Nxe4 Nf6 7. N2g3 O-O
8. c3 Nbd7 9. Bd3 c5 10. dxc5 Nxe4 11. Nxe4 f5 12. Ng3 Nxc5 13. Bc4 Qxd1+
14. Kxd1 Bd7 15. b4 Na4 16. Re1 Nxc3+ 17. Kc2 Rac8 18. Rxe6 Nd5 19. Rxe7
Rxc4+ 20. Kb3 Rxc1 21. Rxd7 Rxa1 22. Rxd5 Rg1 23. Rd7 b5 24. Rxa7 Rxg2 25.
Rb7 Rxh2 26. Rxb5 Rxf2 27. Rc5 Rf3+ 28. Rc3 Rxc3+ 29. Kxc3 f4 0-1

[Event "94th ch-GBR"]
[Site "Great Yarmouth ENG"]
[Date "2007.07.30"]
[Round "1"]
[White "Howell,D"]
[Black "Eggleston,D"]
[Result "1/2-1/2"]
[WhiteElo "2519"]
[BlackElo "2330"]
[EventDate "2007.07.30"]

1. d4 Nf6 2. c4 e6 3. Nf3 b6 4. g3 Bb7 5. Bg2 Be7 6. O-O O-O 7. d5 Na6 8.
Nd4 exd5 9. Nf5 c6 10. cxd5 cxd5 11. Nc3 Nc7 12. Bf4 Ne6 13. Bd6 Bxd6 14.
Nxd6 Bc6 15. Nxd5 Nxd5 16. Bxd5 Qf6 17. Bg2 Qxb2 18. e4 Rab8 19. Qg4 Qf6
20. Rad1 Nd4 21. Nc4 Qe6 22. Qxe6 Nxe6 23. Nd6 f6 24. f4 b5 25. Rf2 Nd8 26.
Nf5 Re8 27. Nd6 Re6 28. Rb2 Nf7 29. Nf5 Ree8 30. Kf2 a6 31. Rd4 a5 32. a3
Rb7 33. Ne3 Reb8 34. Nd5 Kf8 35. Bf1 Nd8 36. Ke3 Ne6 37. Rd1 Nc5 38. Kd4
Ne6+ 39. Ke3 Nc7 40. Kd4 Ne6+ 1/2-1/2

[Event "94th ch-GBR"]
[Site "Great Yarmouth ENG"]
[Date "2007.07.30"]
[Round "1"]
[White "Wu,L"]
[Black "Gormally,D"]
[Result "1/2-1/2"]
[WhiteElo "2314"]
[BlackElo "2509"]
[EventDate "2007.07.30"]

1. Nf3 Nf6 2. g3 g6 3. Bg2 Bg7 4. O-O O-O 5. d3 c5 6. e4 Nc6 7. Nbd2 d6 8.
Re1 Ne8 9. c3 Nc7 10. Qe2 Rb8 11. a4 b6 12. Nc4 a6 13. Bd2 b5 14. axb5 axb5
15. Na5 Nxa5 16. Rxa5 b4 17. Rea1 bxc3 18. bxc3 Bg4 19. Qd1 Rb2 20. R5a2
Rxa2 21. Rxa2 Qb8 22. Qc2 Be6 23. Rb2 Qa7 24. Qb1 Qa5 25. d4 Bc4 26. Bf1
Bxf1 27. Kxf1 Qa6+ 28. Kg2 cxd4 29. cxd4 Ne6 30. Be3 h6 31. Rb8 1/2-1/2

[Event "94th ch-GBR"]
[Site "Great Yarmouth ENG"]
[Date "2007.07.30"]
[Round "1"]
[White "Kosten,A"]
[Black "Lewis,An"]
[Result "1-0"]
[WhiteElo "2508"]
[BlackElo "2284"]
[EventDate "2007.07.30"]

1. c4 g6 2. g3 Bg7 3. Bg2 e5 4. Nc3 Nc6 5. e3 d6 6. Nge2 h5 7. h3 Be6 8. d4
Bxc4 9. d5 Bxe2 10. Qxe2 Nce7 11. Qb5+ Kf8 12. Qxb7 a6 13. e4 f5 14. h4 Nf6
15. Bg5 Kf7 16. Qb3 Bh6 17. Bxh6 Rxh6 18. O-O-O Rh8 19. Rd2 Rb8 20. Qa4 Rb6
21. f4 Ng4 22. Bh3 Qe8 23. Qc4 Qb8 24. exf5 Nxf5 25. Bxg4 Rb4 26. Qc6 hxg4
27. Qd7+ Kg8 28. Qe6+ Kg7 29. fxe5 Qd8 30. exd6 Qxd6 31. Re1 Qxg3 32. d6
Rb6 33. Qd7+ Kh6 34. Re8 Rh7 35. Qxh7+ Kxh7 36. d7 Rd6 37. Rxd6 Nxd6 38.
Re7+ Kh6 39. d8=Q Qf4+ 40. Kc2 Qf5+ 41. Kb3 1-0

[Event "94th ch-GBR"]
[Site "Great Yarmouth ENG"]
[Date "2007.07.30"]
[Round "1"]
[White "Walker,Mart"]
[Black "Gordon,S"]
[Result "0-1"]
[WhiteElo "2262"]
[BlackElo "2487"]
[EventDate "2007.07.30"]

1. e4 c5 2. Nf3 e6 3. c3 Nf6 4. Bd3 Nc6 5. Bc2 b5 6. O-O Bb7 7. d3 Be7 8.
Re1 Rc8 9. Nbd2 Qc7 10. e5 Nd5 11. c4 bxc4 12. dxc4 Ndb4 13. Bb1 d6 14.
exd6 Qxd6 15. Ne4 Qxd1 16. Rxd1 O-O 17. a3 Rfd8 18. Bd2 Na6 19. Bc2 Nd4 20.
Nxd4 Rxd4 21. f3 Rxc4 22. Bd3 Rd4 23. Be3 Rd5 24. Bc4 Rxd1+ 25. Rxd1 Nb8
26. Nxc5 Rxc5 27. Bxc5 Bxc5+ 28. Kf1 Bb6 29. Bb5 Kf8 30. Ke2 Ke7 31. Bd3 h5
32. Be4 Bxe4 33. fxe4 Nc6 34. Rc1 Kd6 35. Kd3 Ne5+ 36. Ke2 Ng4 37. h3 Nf6
38. Kf3 Ke5 39. Rc4 g5 40. g4 hxg4+ 41. hxg4 Nd7 42. b4 Kd6 43. Rc8 Ne5+
44. Kg3 Nc6 45. Rf8 Ke5 46. Rxf7 Kxe4 47. Rg7 Be3 48. b5 Nd4 49. a4 Ne2+
50. Kg2 Nc3 51. Rc7 Bd4 52. Rc4 Kd5 53. Rc8 Nxa4 54. Rg8 Be3 55. Kf3 Bf4
56. Rg7 Nc3 57. Rxa7 Nxb5 58. Rd7+ Nd6 59. Rd8 e5 60. Ra8 e4+ 61. Ke2 Nb5
62. Rd8+ Kc4 63. Rc8+ Kb3 64. Rd8 Nc3+ 65. Kf2 e3+ 66. Kf3 e2 67. Re8 Bd2
68. Rb8+ Kc2 0-1

[Event "94th ch-GBR"]
[Site "Great Yarmouth ENG"]
[Date "2007.07.30"]
[Round "1"]
[White "Williams,Si1"]
[Black "Snape,I"]
[Result "1-0"]
[WhiteElo "2480"]
[BlackElo "2255"]
[EventDate "2007.07.30"]

1. d4 c5 2. d5 g6 3. e4 d6 4. Nc3 Bg7 5. Nf3 Nf6 6. Bb5+ Bd7 7. a4 O-O 8.
Nd2 Na6 9. O-O Nc7 10. Bxd7 Nxd7 11. Nc4 b6 12. Bg5 h6 13. Bh4 Nf6 14. f4
Qd7 15. Qd3 Qg4 16. Be1 Qd7 17. h3 Rab8 18. Rd1 a6 19. e5 b5 20. Na5 c4 21.
Qf3 Nh7 22. Nc6 Rbe8 23. axb5 axb5 24. Bg3 dxe5 25. Nxe5 Qf5 26. Ne4 f6 27.
Ng4 Rd8 28. Ne3 Qc8 29. f5 Ng5 30. Nxg5 fxg5 31. Qe4 Bxb2 32. fxg6 Bf6 33.
Nf5 Qd7 34. Nxh6+ Kg7 35. Nf5+ Kg8 36. g7 Bxg7 37. Bxc7 Qxc7 38. Nxe7+ Kh8
39. Ng6+ Kg8 40. Nxf8 Bxf8 41. Qe6+ Kh8 42. Rf7 Qd6 43. Qf5 Qh6 44. d6 1-0

[Event "94th ch-GBR"]
[Site "Great Yarmouth ENG"]
[Date "2007.07.30"]
[Round "1"]
[White "Kwiatkowski,F"]
[Black "Flear,G"]
[Result "0-1"]
[WhiteElo "2255"]
[BlackElo "2479"]
[EventDate "2007.07.30"]

1. e4 e5 2. Nf3 Nc6 3. Bb5 a6 4. Ba4 Nf6 5. O-O Be7 6. Re1 b5 7. Bb3 d6 8.
c3 O-O 9. h3 Na5 10. Bc2 c5 11. d4 Qc7 12. Nbd2 cxd4 13. cxd4 Nc6 14. Nb3
a5 15. Be3 a4 16. Nbd2 Bd7 17. Rc1 Qb7 18. d5 Nb4 19. Bb1 Rfc8 20. Qe2 Bd8
21. a3 Na6 22. Bd3 g6 23. Kh2 Nh5 24. g3 Ba5 25. Rg1 Rc7 26. Rxc7 Nxc7 27.
Rb1 Bb6 28. b4 axb3 29. Rxb3 Bxe3 30. Qxe3 Qa7 31. Qxa7 Rxa7 32. Ne1 Na6
33. Bxb5 Nc5 34. Rb4 Bxb5 35. Rxb5 Rxa3 36. Rb6 Ra2 37. Nef3 f5 38. g4 fxe4
39. gxh5 exf3 40. Nc4 Rxf2+ 41. Kg1 Rg2+ 42. Kf1 Ne4 0-1

[Event "94th ch-GBR"]
[Site "Great Yarmouth ENG"]
[Date "2007.07.30"]
[Round "1"]
[White "Haslinger,S"]
[Black "Mason,D"]
[Result "1-0"]
[WhiteElo "2468"]
[BlackElo "2251"]
[EventDate "2007.07.30"]

1. e4 c5 2. Nf3 Nc6 3. d4 cxd4 4. Nxd4 Nf6 5. Nc3 e5 6. Ndb5 d6 7. Bg5 a6
8. Na3 b5 9. Nd5 Be7 10. Bxf6 Bxf6 11. c3 Bg5 12. Nc2 Ne7 13. Ncb4 O-O 14.
a4 Nxd5 15. Nxd5 bxa4 16. Rxa4 a5 17. Bc4 Bd7 18. Ra1 a4 19. O-O Qb8 20.
Nb4 Qc8 21. Qxd6 Qxc4 22. Qxd7 Qxe4 23. Rfe1 Qf4 24. g3 Qc4 25. Rxa4 Rxa4
26. Qxa4 e4 27. Qc6 Qxc6 28. Nxc6 f5 29. b4 Bd2 30. Rd1 e3 31. fxe3 Bxe3+
32. Kg2 f4 33. Kf3 Bb6 34. Ne7+ Kf7 35. Nd5 Rd8 36. gxf4 1-0

[Event "94th ch-GBR"]
[Site "Great Yarmouth ENG"]
[Date "2007.07.30"]
[Round "1"]
[White "Ward,C"]
[Black "White,Mi"]
[Result "1-0"]
[WhiteElo "2439"]
[BlackElo "2246"]
[EventDate "2007.07.30"]

1. d4 Nf6 2. c4 g6 3. Nc3 Bg7 4. e4 d6 5. f3 O-O 6. Nge2 c5 7. d5 e6 8. Ng3
exd5 9. cxd5 Nh5 10. Nxh5 gxh5 11. Bd3 Nd7 12. O-O Ne5 13. Bc2 f5 14. Kh1
Rb8 15. exf5 Bxf5 16. Ne4 Bxe4 17. Bxe4 Qf6 18. Qc2 Ng6 19. a4 a6 20. Ra3
b5 21. axb5 axb5 22. f4 Ra8 23. Re3 Ra1 24. Ree1 Kh8 25. Qe2 c4 26. Qxh5 b4
27. f5 Ne5 28. g4 Nd3 29. g5 Qf7 30. Qxf7 Rxf7 31. Bxd3 cxd3 32. f6 Bf8 33.
Bd2 Rxe1 34. Rxe1 h6 35. h4 hxg5 36. hxg5 Rc7 37. g6 Rc2 38. Re8 Kg8 39. g7
1-0

[Event "94th ch-GBR"]
[Site "Great Yarmouth ENG"]
[Date "2007.07.30"]
[Round "1"]
[White "James,R"]
[Black "Arakhamia,K"]
[Result "1/2-1/2"]
[WhiteElo "2238"]
[BlackElo "2418"]
[EventDate "2007.07.30"]

1. e4 c5 2. c3 d5 3. exd5 Qxd5 4. d4 Nf6 5. Nf3 e6 6. Be3 cxd4 7. cxd4 Nc6
8. Nc3 Qd6 9. a3 Be7 10. Bd3 O-O 11. O-O b6 12. Qe2 Bb7 13. Rad1 Rac8 14.
Rfe1 Rfe8 15. Bb1 Bf8 16. Bg5 Nd5 17. Qd3 g6 18. Ne4 1/2-1/2

[Event "94th ch-GBR"]
[Site "Great Yarmouth ENG"]
[Date "2007.07.30"]
[Round "1"]
[White "Rendle,T"]
[Black "Adams,D"]
[Result "1-0"]
[WhiteElo "2416"]
[BlackElo "2234"]
[EventDate "2007.07.30"]

1. e4 Nf6 2. e5 Nd5 3. c4 Nb6 4. c5 Nd5 5. Nc3 e6 6. d4 Nxc3 7. bxc3 d6 8.
cxd6 cxd6 9. Nf3 Nc6 10. exd6 Bxd6 11. Bd3 e5 12. dxe5 Nxe5 13. Nxe5 Bxe5
14. O-O Qa5 15. Re1 Be6 16. Qh5 Rd8 17. Rxe5 Qxc3 18. Rxe6+ Kf8 19. Bb2
Qxb2 20. Qc5+ Kg8 21. Ree1 g6 22. Bc4 1-0

[Event "94th ch-GBR"]
[Site "Great Yarmouth ENG"]
[Date "2007.07.30"]
[Round "1"]
[White "Anderton,M"]
[Black "Bellin,R"]
[Result "1/2-1/2"]
[WhiteElo "2229"]
[BlackElo "2403"]
[EventDate "2007.07.30"]

1. e4 c5 2. c3 e6 3. d4 d5 4. e5 Qb6 5. Nf3 Nc6 6. Be2 cxd4 7. cxd4 Nh6 8.
Nc3 Nf5 9. Na4 Qa5+ 10. Bd2 Qd8 11. Be3 Bb4+ 1/2-1/2

[Event "94th ch-GBR"]
[Site "Great Yarmouth ENG"]
[Date "2007.07.30"]
[Round "1"]
[White "Buckley,G"]
[Black "Hodgson,Jo"]
[Result "1-0"]
[WhiteElo "2379"]
[BlackElo "2227"]
[EventDate "2007.07.30"]

1. d4 Nf6 2. c4 g6 3. g3 Bg7 4. Bg2 d5 5. cxd5 Nxd5 6. Nf3 Nb6 7. Nc3 Nc6
8. e3 O-O 9. O-O Re8 10. d5 Na5 11. Nd4 Bd7 12. Rb1 Rc8 13. b4 c5 14. Ne6
fxe6 15. bxa5 Nc4 16. Rxb7 Nd6 17. Rb3 Qxa5 18. Ra3 Qc7 19. dxe6 Bxe6 20.
Nd5 Bxd5 21. Qxd5+ e6 22. Qd1 Nc4 23. Ra6 Nb6 24. Qd2 Qe7 25. Qa5 Rc7 26.
Qb5 Rd8 27. a4 Qe8 28. Qxe8+ Rxe8 29. Rd1 Kf7 30. Kf1 Bc3 31. Ke2 Bf6 32.
h4 Bc3 33. g4 Bf6 34. g5 Bc3 35. f4 Bg7 36. Rd6 Bf8 37. Rc6 Rec8 38. Rxc7+
Rxc7 39. Bb2 Bd6 40. a5 Nc8 41. Kd3 c4+ 42. Kc2 c3 43. Bxc3 e5 44. Kd3 exf4
45. exf4 Bxf4 1-0

[Event "94th ch-GBR"]
[Site "Great Yarmouth ENG"]
[Date "2007.07.30"]
[Round "1"]
[White "Smith,G"]
[Black "Briscoe,C"]
[Result "1/2-1/2"]
[WhiteElo "2129"]
[BlackElo "2224"]
[EventDate "2007.07.30"]

1. e4 c5 2. Nf3 d6 3. Nc3 Nf6 4. e5 dxe5 5. Nxe5 a6 6. a4 e6 7. Be2 Qc7 8.
Nc4 Be7 9. O-O O-O 10. d3 Nc6 11. a5 Bd7 12. Bg5 Nd4 13. Qd2 Nxe2+ 14. Qxe2
Rae8 15. Qd2 Nd5 16. Nxd5 exd5 17. Bf4 Qc6 18. Ne5 Qc8 19. Rfe1 1/2-1/2

[Event "94th ch-GBR"]
[Site "Great Yarmouth ENG"]
[Date "2007.07.30"]
[Round "1"]
[White "Hall,Dan"]
[Black "Barrett,S"]
[Result "0-1"]
[WhiteElo "2113"]
[BlackElo "2219"]
[EventDate "2007.07.30"]

1. e4 c5 2. Nf3 e6 3. d4 cxd4 4. Nxd4 Nf6 5. Nc3 d6 6. g4 a6 7. g5 Nfd7 8.
Be3 b5 9. Qd2 Nb6 10. b3 N8d7 11. O-O-O Bb7 12. f3 Rc8 13. Bg2 b4 14. Nce2
d5 15. exd5 Nxd5 16. Nf4 Qa5 17. a4 Nc5 18. Rhe1 Nxa4 19. bxa4 Qxa4 20. Qd3
Rc3 21. Nxd5 Qa3+ 22. Kb1 Bxd5 0-1

[Event "94th ch-GBR"]
[Site "Great Yarmouth ENG"]
[Date "2007.07.30"]
[Round "1"]
[White "Hanley,Ja"]
[Black "Bonafont,P"]
[Result "1/2-1/2"]
[WhiteElo "2213"]
[BlackElo "2098"]
[EventDate "2007.07.30"]

1. e4 c5 2. Nf3 d6 3. Nc3 Nf6 4. d4 cxd4 5. Nxd4 a6 6. a4 Nc6 7. Be2 e5 8.
Nb3 Be7 9. O-O O-O 10. Be3 Be6 11. Bf3 Nb4 12. a5 Rc8 13. Bb6 Qd7 14. Re1
Qc6 15. Nc1 Nd7 16. Be3 b5 17. Re2 Qc7 18. Rd2 Nc6 19. Nb3 Nb4 20. Rc1 Bxb3
21. cxb3 Qxa5 22. Ra1 Qc7 23. Nd5 Nxd5 24. Rxd5 Nf6 25. Rd3 Qb7 26. Bg5
Rfd8 27. Bxf6 Bxf6 28. Rxd6 Rxd6 29. Qxd6 Qc6 30. Qd5 g6 31. g3 Kg7 32. Kg2
h6 33. Bg4 Rc7 34. Rd1 Qc2 1/2-1/2

[Event "94th ch-GBR"]
[Site "Great Yarmouth ENG"]
[Date "2007.07.30"]
[Round "1"]
[White "De Coverly,R"]
[Black "Roberson,P"]
[Result "1-0"]
[WhiteElo "2086"]
[BlackElo "2209"]
[EventDate "2007.07.30"]

1. Nf3 Nf6 2. g3 b5 3. Bg2 Bb7 4. d3 d5 5. O-O e6 6. e4 Be7 7. e5 Nfd7 8.
Re1 c5 9. h4 Nc6 10. Bf4 h6 11. h5 Nb6 12. Nbd2 a5 13. Nf1 a4 14. a3 Qd7
15. N1h2 d4 16. Ng4 Nd5 17. Bc1 b4 18. Qe2 bxa3 19. bxa3 Nc3 20. Qf1 Rb8
21. Nd2 Ba6 22. Ne4 Nxe4 23. Bxe4 Bd8 24. Qg2 Ne7 25. Nf6+ gxf6 26. exf6
Bb7 27. fxe7 Qxe7 28. Bf4 Bc7 29. Bxb7 Bxf4 30. Bc6+ Kf8 31. Bxa4 Rg8 32.
Kh2 Bd6 33. Bb3 Qh4+ 34. Qh3 Qf6 35. Kg2 Rg5 36. Re4 Qf5 37. Qxf5 exf5 38.
Rh4 f4 39. g4 f5 40. Kf3 fxg4+ 41. Rxg4 Rxh5 42. Re1 Rg5 43. Re6 Rxg4 44.
Kxg4 Rd8 45. a4 Bb8 46. Rxh6 Ke7 47. Rc6 Bd6 48. a5 Kd7 49. Ba4 Ke6 50. Ra6
Rc8 51. Kf3 Ke5 52. Bb3 Rh8 53. Ra7 Rh3+ 54. Kg2 Rh8 55. a6 Rf8 56. Kf3 Rh8
57. Rf7 Ra8 58. Bc4 Bb8 59. Rxf4 Ra7 60. Rf8 Bd6 61. Re8+ Kf5 62. Rh8 Ke5
63. Rh5+ Kf6 64. Rh6+ 1-0

[Event "94th ch-GBR"]
[Site "Great Yarmouth ENG"]
[Date "2007.07.30"]
[Round "1"]
[White "Wilson,A"]
[Black "Fowler,S"]
[Result "1/2-1/2"]
[WhiteElo "2066"]
[BlackElo "2204"]
[EventDate "2007.07.30"]

1. e4 b6 2. d4 Bb7 3. Nc3 e6 4. Bd3 Nf6 5. Nge2 c5 6. O-O Qc8 7. dxc5 Bxc5
8. a3 e5 9. Ng3 g6 10. Bh6 Bf8 11. Qd2 Ng8 12. Bxf8 Kxf8 13. f4 Qc5+ 14.
Kh1 Nc6 15. b4 Qd6 16. Nb5 Qe7 17. Bc4 Ba6 18. Nd6 Bxc4 19. Nxc4 Kg7 20. b5
exf4 21. Qxf4 Nd4 22. Rad1 Ne6 23. Qf2 Nh6 24. Nd6 Rhf8 25. Ngf5+ gxf5 26.
exf5 Qg5 27. Rd3 Kh8 28. fxe6 fxe6 29. Qxf8+ Rxf8 30. Rxf8+ Kg7 31. Rf1 Ng4
32. Ne4 Qxb5 33. Rdf3 Ne5 34. Nd6 Qe2 35. Ne8+ Kh6 36. Rh3+ Kg5 37. Rg3+
Ng4 38. Kg1 Qe5 39. Nf6 h5 40. Nxg4 hxg4 41. Rd3 Qc5+ 42. Rf2 d5 43. h3 b5
44. Rg3 Kh5 45. Rxg4 Qxa3 46. Rf7 Qc1+ 47. Kh2 Qxc2 48. Rfg7 1/2-1/2

[Event "94th ch-GBR"]
[Site "Great Yarmouth ENG"]
[Date "2007.07.30"]
[Round "1"]
[White "Chapman,T"]
[Black "Stokes,I"]
[Result "1-0"]
[WhiteElo "2200"]
[BlackElo "2055"]
[EventDate "2007.07.30"]

1. Nf3 Nf6 2. c4 c5 3. d4 cxd4 4. Nxd4 g6 5. Nc3 d6 6. e4 Nc6 7. Be2 Bg7 8.
Be3 O-O 9. O-O Nd7 10. Qd2 Nc5 11. Rab1 Nxd4 12. Bxd4 Bxd4 13. Qxd4 f5 14.
Rbd1 Nxe4 15. Nxe4 fxe4 16. Qxe4 Qc7 17. Bf3 Rf5 18. Rfe1 Re5 19. Qd4 Be6
20. b3 Rxe1+ 21. Rxe1 Bf7 22. h4 e5 23. Qd2 Rb8 24. Bd5 Rf8 25. Rd1 Kg7 26.
Bxf7 Qxf7 27. Qe3 Rd8 28. Qxa7 Rd7 29. Qe3 Qf6 30. g3 Qe6 31. Rd5 1-0

[Event "94th ch-GBR"]
[Site "Great Yarmouth ENG"]
[Date "2007.07.30"]
[Round "1"]
[White "Grigoryan Lyell,M"]
[Black "Wise,D"]
[Result "0-1"]
[WhiteElo "2048"]
[BlackElo "2189"]
[EventDate "2007.07.30"]

1. e4 e5 2. f4 Bc5 3. Nf3 d6 4. Bc4 Nf6 5. Nc3 Nc6 6. f5 Nd4 7. d3 c6 8.
Ng5 d5 9. Bb3 O-O 10. Na4 Be7 11. O-O h6 12. Nf3 Nxb3 13. axb3 dxe4 14.
dxe4 Qxd1 15. Rxd1 Nxe4 16. Nb6 Bc5+ 0-1

[Event "94th ch-GBR"]
[Site "Great Yarmouth ENG"]
[Date "2007.07.30"]
[Round "1"]
[White "Van Kemenade,R"]
[Black "Spence,D"]
[Result "0-1"]
[WhiteElo "2032"]
[BlackElo "2183"]
[EventDate "2007.07.30"]

1. e4 e6 2. d4 d5 3. Nc3 Bb4 4. e5 c5 5. Bd2 Ne7 6. dxc5 Nbc6 7. Qg4 O-O 8.
Nf3 f5 9. exf6 Rxf6 10. O-O-O e5 11. Qh5 Rf5 12. Qh4 Bxc3 13. Bxc3 Rf4 14.
Qg3 Rg4 15. Qh3 Ng6 16. g3 Rd4 17. Qg2 Rxd1+ 18. Kxd1 Be6 19. b3 d4 20. Bd2
Bd5 21. Bc4 Bxc4 22. bxc4 h6 23. Re1 d3 24. Bc3 dxc2+ 25. Kxc2 Nd4+ 26. Kc1
Nc6 27. h4 Qd3 28. Re3 Qxc4 29. Nd2 Qxc5 30. Qe4 Nge7 31. Nb3 Qb5 32. Bxe5
Qf1+ 33. Re1 Qxf2 34. Bd6 Re8 35. Re2 Qf7 36. Kb2 Qf6+ 37. Kc2 Qf7 38. g4
Rc8 39. Kb1 Nd5 40. Rc2 Re8 41. Qc4 Re1+ 42. Nc1 Qe6 43. Bg3 Re4 44. Qc5
Rxg4 45. Bf2 Ndb4 46. Re2 Qg6+ 47. Kb2 Nd3+ 48. Nxd3 Qxd3 49. Rc2 Rb4+ 50.
Kc1 Qf1+ 51. Kd2 Qg2 52. Qf5 Qe4 53. Qc5 a6 54. a3 Rb3 55. Qd6 Rb5 56. Kc1
Qh1+ 0-1

[Event "94th ch-GBR"]
[Site "Great Yarmouth ENG"]
[Date "2007.07.30"]
[Round "1"]
[White "Dossett,C"]
[Black "Constantinou,P"]
[Result "0-1"]
[WhiteElo "2001"]
[BlackElo "2173"]
[EventDate "2007.07.30"]

1. Nf3 g6 2. g3 Bg7 3. Bg2 e5 4. d3 Nc6 5. Nbd2 d6 6. c3 Nf6 7. Qc2 O-O 8.
O-O Nh5 9. e4 Kh8 10. Re1 f5 11. exf5 Bxf5 12. h3 Nf6 13. Nh4 Bd7 14. Nc4
Nh5 15. Kh2 Nf4 16. Bxf4 exf4 17. Nf3 g5 18. g4 h5 19. gxh5 g4 20. hxg4
Bxg4 21. Rh1 Rg8 22. Ncd2 Ne5 23. Kg1 Bf5 24. Nh4 Qg5 25. Ng6+ Kh7 26. Ne4
Bxe4 27. dxe4 f3 28. Rh2 fxg2 29. f4 Nf3+ 30. Kf2 g1=Q+ 31. Rxg1 Qxg1+ 32.
Kxf3 Bh6 33. e5 Qf1+ 34. Ke3 Rg7 35. Ne7+ Kh8 36. Ng6+ Kg8 37. Ne7+ Rxe7
38. Qg6+ Rg7 39. Qxh6 Re8 40. Rf2 Rg3+ 0-1

[Event "94th ch-GBR"]
[Site "Great Yarmouth ENG"]
[Date "2007.07.30"]
[Round "1"]
[White "McEwan,K"]
[Black "Makepeace,P"]
[Result "0-1"]
[WhiteElo "2170"]
[BlackElo "1978"]
[EventDate "2007.07.30"]

1. e4 c6 2. Nc3 d5 3. Nf3 Bg4 4. h3 Bxf3 5. Qxf3 e6 6. exd5 cxd5 7. Bb5+
Nc6 8. O-O Bd6 9. d3 Nge7 10. Re1 O-O 11. Ne2 Qa5 12. Nc3 Nd4 13. Qg4 Nxb5
14. Bd2 Qa6 0-1

[Event "94th ch-GBR"]
[Site "Great Yarmouth ENG"]
[Date "2007.07.30"]
[Round "1"]
[White "White,E"]
[Black "Oswald,G"]
[Result "0-1"]
[WhiteElo "1969"]
[BlackElo "2147"]
[EventDate "2007.07.30"]

1. e4 c5 2. Nf3 d6 3. d4 cxd4 4. Nxd4 Nf6 5. Nc3 a6 6. Bg5 e6 7. f4 Qb6 8.
Qd3 Qxb2 9. Rb1 Qa3 10. Be2 Be7 11. O-O Nbd7 12. Kh1 Qc5 13. Nb3 Qc7 14. f5
b5 15. Rbe1 Ne5 16. Qg3 b4 17. Nd1 Nxe4 18. Qe3 Nxg5 19. h4 h6 20. hxg5
hxg5+ 21. Kg1 exf5 22. Bf3 Rb8 23. Nd4 f4 24. Qb3 Qc5 25. c3 Be6 26. Qa4+
Bd7 27. Qc2 Rc8 28. Rf2 bxc3 29. Qe4 O-O 30. Kh1 Bf6 31. Rc2 Nc4 32. Nb3
Qb6 33. Be2 Rfe8 34. Qf3 Bf5 0-1

[Event "94th ch-GBR"]
[Site "Great Yarmouth ENG"]
[Date "2007.07.30"]
[Round "1"]
[White "Storey,Ch"]
[Black "Ciuksyte,D"]
[Result "1-0"]
[WhiteElo "2218"]
[BlackElo "2426"]
[EventDate "2007.07.30"]

1. e4 e5 2. Nf3 Nc6 3. Bb5 a6 4. Ba4 Nf6 5. O-O b5 6. Bb3 Be7 7. Re1 O-O 8.
c3 d6 9. h3 Na5 10. Bc2 c5 11. d4 Nd7 12. Nbd2 exd4 13. cxd4 Nc6 14. d5
Nce5 15. Nh2 Bf6 16. f4 Ng6 17. Ndf3 Re8 18. g3 Nb6 19. h4 h5 20. Ng5 Ra7
21. f5 Nf8 22. Qxh5 Bxf5 23. Bf4 Bg6 24. Qd1 Bxb2 25. h5 Bxa1 26. hxg6 Bd4+
27. Kg2 Nxg6 28. Qh5 Nc4 29. e5 Ncxe5 30. Bxg6 Nxg6 31. Bxd6 Rae7 32. Qh7+
Kf8 33. Re6 Qa8 34. Rxg6 Qxd5+ 35. Nhf3 1-0

[Event "94th ch-GBR"]
[Site "Great Yarmouth ENG"]
[Date "2007.07.30"]
[Round "1"]
[White "Poobalasingam,P"]
[Black "Foord,D"]
[Result "1-0"]
[WhiteElo "2133"]
[BlackElo "1950"]
[EventDate "2007.07.30"]

1. d4 f5 2. Nc3 Nf6 3. Bg5 d5 4. e3 e6 5. Bd3 c6 6. Nf3 Nbd7 7. O-O Bd6 8.
Bf4 Bxf4 9. exf4 c5 10. Ng5 Qb6 11. Re1 Ne4 12. Bxe4 fxe4 13. dxc5 Nxc5 14.
Nxd5 exd5 15. Qxd5 Bd7 16. b4 Ne6 17. Rxe4 O-O-O 18. Nxe6 Bxe6 19. Qxe6+
Qxe6 20. Rxe6 Rd2 21. Re7 Rhd8 22. Rc1 Rd1+ 23. Re1 R1d4 24. c3 Rxf4 25.
Rcd1 Rdf8 26. Rd2 Rc4 27. Re3 Rf5 28. g3 a5 29. Re8+ Kc7 30. Re7+ Kc6 31.
Rxg7 Rxc3 32. bxa5 h5 33. Rb2 Rxa5 34. Rgxb7 Rcc5 35. h4 Kd5 36. Kg2 Ke4
37. R7b4+ Kf5 38. a4 Kg6 39. Rb6+ Kf5 40. R2b5 1-0

[Event "94th ch-GBR"]
[Site "Great Yarmouth ENG"]
[Date "2007.07.31"]
[Round "2"]
[White "Flear,G"]
[Black "Rowson,J"]
[Result "1-0"]
[WhiteElo "2479"]
[BlackElo "2599"]
[EventDate "2007.07.30"]

1. d4 Nf6 2. c4 c5 3. d5 b5 4. Nf3 Bb7 5. Nbd2 bxc4 6. e4 e6 7. dxe6 dxe6
8. Bxc4 Nc6 9. O-O Be7 10. Qe2 O-O 11. e5 Nd7 12. Re1 Nb4 13. Ne4 Nb6 14.
a3 Bd5 15. Bb5 Nc6 16. Bf4 c4 17. Rad1 Na5 18. Nd4 a6 19. Bc6 Rc8 20. Bxd5
Nxd5 21. Qg4 Nxf4 22. Qxf4 Qc7 23. h4 Rb8 24. Re2 Rfd8 25. Red2 c3 26. Nxc3
Nc4 27. Rc2 Rxb2 28. Rcc1 Qxe5 29. Nxe6 Rxd1+ 30. Rxd1 Qxe6 31. Nd5 Bxa3
32. Qxc4 Re2 33. Qc3 Bb2 34. Qa5 Bd4 35. Qd8+ Qe8 36. Qxe8+ Rxe8 37. Rxd4
Kf8 38. Ra4 Rd8 39. Nc7 Rd7 1-0

[Event "94th ch-GBR"]
[Site "Great Yarmouth ENG"]
[Date "2007.07.31"]
[Round "2"]
[White "Aagaard,J"]
[Black "Hebden,M"]
[Result "1-0"]
[WhiteElo "2467"]
[BlackElo "2540"]
[EventDate "2007.07.30"]

1. e4 e5 2. Nf3 Nc6 3. Bb5 a6 4. Ba4 Nf6 5. O-O Be7 6. Re1 b5 7. Bb3 O-O 8.
c3 d6 9. h3 Na5 10. Bc2 c5 11. d4 Qc7 12. Nbd2 cxd4 13. cxd4 Rd8 14. d5 Nb7
15. Nf1 a5 16. Be3 Nc5 17. Rc1 Bd7 18. Ng3 Rdc8 19. Nh4 g6 20. f4 Ng4 21.
Nxg6 fxg6 22. hxg4 Bh4 23. Kh2 exf4 24. Bxf4 Rf8 25. Bh6 Qd8 26. Qd2 Qe7
27. e5 Bxg4 28. Qd4 Bxg3+ 29. Kxg3 Bh5 30. Bxf8 Rxf8 31. exd6 Qg5+ 32. Kh2
Nd7 33. Rf1 Nf6 34. Rxf6 Rxf6 35. d7 Rd6 36. Bb3 a4 37. Rc8+ Kf7 38. d8=Q
Rxd8 39. Rc7+ 1-0

[Event "94th ch-GBR"]
[Site "Great Yarmouth ENG"]
[Date "2007.07.31"]
[Round "2"]
[White "Pert,N"]
[Black "Haslinger,S"]
[Result "1-0"]
[WhiteElo "2536"]
[BlackElo "2468"]
[EventDate "2007.07.30"]

1. d4 d5 2. c4 c6 3. Nf3 Nf6 4. e3 a6 5. Nbd2 Bf5 6. Qb3 Qc7 7. Bd3 Bg6 8.
O-O e6 9. Re1 Be7 10. e4 O-O 11. e5 Nfd7 12. Bxg6 hxg6 13. Nf1 Re8 14. Bg5
Bf8 15. Rac1 Qb6 16. Qc2 dxc4 17. Ne3 c5 18. d5 exd5 19. Nxd5 Qc6 20. Nf4
a5 21. e6 fxe6 22. Qxg6 Na6 23. Bd8 e5 24. Qxe8 Nc7 25. Qh5 exf4 26. Ng5
1-0